| 000 | 00405nam a2200145Ia 4500 | ||
|---|---|---|---|
| 008 | 100415s9999 xx 000 0 und d | ||
| 082 |
_b13631 _a576.16 |
||
| 100 | _aVoznaya NF | ||
| 245 | _aChemistry of Water and Microbilogy | ||
| 260 |
_aMOSCOW _c1981 _bMIR PUBLISHERS |
||
| 365 | _b0 | ||
| 630 | _aChemistry of Water and Microbilogy | ||
| 730 | _aChemistry of Water and Microbilogy | ||
| 942 | _cBOOK | ||
| 999 |
_c596545 _d596542 |
||